Uxmal, piedras de lluvia /

Documental dramatizado en torno a Uxmal, zona arqueológica maya localizada en el municipio yucateco de Sinanché, construida en el siglo VI de nuestra era, descrita a través de la narración de los trabajos arqueológicos desarrollados por el arquitecto y dibujante inglés Frederick Catherwood (1799-185...

Fuld beskrivelse

Guardado en:
Bibliografiske detaljer
Hovedforfatter: Infante, Gonzalo (realización)
Andre forfattere: Dufetel, Dominique (guión) (guión), Infante, Gonzalo (guión) (guión), Llaca, Juan Carlos de (guión) (guión), Rocha, Claudio (fotógrafo) (fotógrafo), Bolado, Carlos (montaje) (montaje), García Correa, Gabriela (montaje) (montaje), Colombo, Juan Carlos (actuación) (actuación), Pie, Darío (actuación) (actuación), Poncelis, Manuel (actuación) (actuación)
Format: Slide
Sprog:spansk
Udgivet: México : INAH : Instituto Mexicano de Cinematografía : C/Producciones, 1992, c1992
México : C/Producciones [distribución], 2004, c2004
Serier:(Ciudades del México Antiguo)
Fag:
Tags: Tilføj Tag
Ingen Tags, Vær først til at tagge denne postø!

MARC

LEADER 00000ngm^a2200000^a^4500
001 000187005
005 20250521000000.0
009 20260526130507.132
037 |a Acervo ITESO - Biblioteca 
041 |a ESP 
082 |a 972. 6501  |b INF 
100 |a Infante, Gonzalo  |e (realización) 
245 1 0 |a Uxmal, piedras de lluvia /  |c Realización de G. Infante. 
264 4 |a México :  |b INAH :  |b Instituto Mexicano de Cinematografía :  |b C/Producciones,  |c 1992, c1992 
264 4 |a México :  |b C/Producciones [distribución],  |c 2004, c2004 
300 |a 1 DVD multirregión  |c (32 min.) 
336 |a imagen móvil bidimensional  |b tdi  |2 rdacontenido 
337 |a video  |b v  |2 rdamedio 
338 |a videodisco  |b vd  |2 rdasoporte 
440 1 |a (Ciudades del México Antiguo) 
520 |a Documental dramatizado en torno a Uxmal, zona arqueológica maya localizada en el municipio yucateco de Sinanché, construida en el siglo VI de nuestra era, descrita a través de la narración de los trabajos arqueológicos desarrollados por el arquitecto y dibujante inglés Frederick Catherwood (1799-1854) y el viajero y diplomático norteamericano John Lloyd Stephens (1805-1852), quienes entre 1839 y 1843 localizaron y/o descubrieron más de 40 sitios de la civilización maya en México y América Central. Es una producción cinematográfica que forma parte de la primera etapa de la serie de cortometrajes y mediometrajes documentales, algunos de ellos dramatizados, llamada Ciudades del México antiguo, que en esa fase contó con la participación del Instituto Nacional de Antropología e Historia (INAH) y el Instituto Mexicano de Cinematografía (IMCINE). 
546 |a En español, con subtítulos opcionales: inglés 
649 |a XX 
650 |a Mayas -  |x Historia 
650 |a Indígenas de México -  |z Sinanché, Yucatán -  |x Historia 
650 |a Indígenas de México -  |z Yucatán -  |x Historia 
650 |a Indígenas de México -  |x Historia 
650 |a Exploradores y Viajeros Norteamericanos 
650 |a Exploradores y Viajeros Ingleses 
650 |a Arqueólogos Norteamericanos 
650 |a Arqueólogos Ingleses 
650 |a Arquitectura Maya -  |z Sinanché, Yucatán -  |x Historia y Crítica 
650 |a Arquitectura Maya -  |z Yucatán -  |x Historia y Crítica 
650 |a Arquitectura Maya -  |z México -  |x Historia y Crítica 
650 |a Arquitectura Maya -  |x Historia y Crítica 
650 |a Arquitectura Prehispánica -  |z Sinanché, Yucatán -  |x Historia y Crítica 
650 |a Arquitectura Prehispánica -  |z Yucatán -  |x Historia y Crítica 
650 |a Arquitectura Prehispánica -  |z México -  |x Historia y Crítica 
650 |a Arquitectura Prehispánica -  |x Historia y Crítica 
650 |a Arquitectura Mexicana -  |x Historia y Crítica 
650 |a Arte Maya -  |z Sinanché, Yucatán -  |x Historia y Crítica 
650 |a Arte Maya -  |z Yucatán -  |x Historia y Crítica 
650 |a Arte Maya -  |z México -  |x Historia y Crítica 
650 |a Arte Maya -  |x Historia y Crítica 
650 |a Arte Prehispánico -  |z Sinanché, Yucatán -  |x Historia y Crítica 
650 |a Arte Prehispánico -  |z Yucatán -  |x Historia y Crítica 
650 |a Arte Prehispánico -  |z México -  |x Historia y Crítica 
650 |a Arte Prehispánico -  |x Historia y Crítica 
650 |a Arte Mexicano -  |x Historia y Crítica 
650 |a Arqueología -  |z México -  |x Historia -  |y Centralismo, 1835-1846 
650 |a Arqueología -  |z México -  |x Historia -  |y Federalismo y Centralismo, 1824-1853 
650 |a Arqueología -  |z México -  |x Historia -  |y Siglo XIX 
650 |a Viajes y Travesías -  |z Sinanché, Yucatán 
650 |a Viajes y Travesías -  |z Yucatán 
650 |a Viajes y Travesías -  |z México 
650 |a Sinanché, Yucatán -  |x Historia -  |y Epoca Prehispánica 
650 |a Yucatán -  |x Historia -  |y Epoca Prehispánica 
650 |a México -  |x Historia -  |y Epoca Prehispánica 
650 |a Catherwood, Frederick 
650 |a Stephens, John Lloyd 
700 |a Dufetel, Dominique  |e (guión) 
700 |a Infante, Gonzalo  |e (guión) 
700 |a Llaca, Juan Carlos de  |e (guión) 
700 |a Rocha, Claudio  |e (fotógrafo) 
700 |a Bolado, Carlos  |e (montaje) 
700 |a García Correa, Gabriela  |e (montaje) 
700 |a Colombo, Juan Carlos  |e (actuación) 
700 |a Pie, Darío  |e (actuación) 
700 |a Poncelis, Manuel  |e (actuación) 
910 |a Fondo General 
920 |a Audiovisuales - DVDs 
905 |a 302 
901 |a 0500088733  |b IT2  |c DVS  |u 20250521 
902 |a https://opac.biblio.iteso.mx/vufind/Record/000187005